[Event "Cansys IM-A"]
[Site "Budapest"]
[Date "1991.??.??"]
[Round "6"]
[White "Borriss, Martin"]
[Black "Schwarz, Michael"]
[Result "1-0"]
[WhiteElo "2340"]
[BlackElo "2315"]

1.e4 d6 2.d4 Nf6 3.Nc3 c6 4.f4 Qa5 5.Bd3 e5 6.Nf3 Bg4 7.dxe5 dxe5 8.fxe5 Nfd7
9.Bf4 Bb4 10.O-O Bxc3 11.bxc3 O-O 12.Rb1 b6 13.e6 Qc5+ 14.Kh1 fxe6 15.Qd2 Qh5
16.Bd6 Rxf3 17.gxf3 Bxf3+ 18.Kg1 Qg4+ 19.Bg3 Ne5 20.Qf4 Nbd7 21.Qxg4 Bxg4
22.Rf2 Nxd3 23.cxd3 Nc5 24.Bd6 Nxd3 25.Rd2 Bf3 26.Rxd3 Bxe4 27.Rbd1 Bxd3
28.Rxd3 Rd8 29.Kf2 Rd7 30.Ke3 h6 31.Ke4 Kh7 32.Ke5 Rf7 33.Kxe6 Rf2 34.a3 c5
35.Be5 Ra2 36.Rd7  1-0

[Event "Budapest"]
[Site "Budapest"]
[Date "1991.??.??"]
[Round "6"]
[White "Afek, Yochanan"]
[Black "Somlai, Laszlo"]
[Result "1/2-1/2"]
[WhiteElo "2325"]
[BlackElo "2385"]

1.e4 d6 2.d4 Nf6 3.Nc3 c6 4.f4 Qa5 5.Bd3 e5 6.Nf3 Bg4 7.dxe5 dxe5 8.Bd2 Nbd7
9.h3 Bxf3 10.Qxf3 exf4 11.Nd5 Qd8 12.Nxf4 Bd6 13.O-O-O Ne5 14.Qf2 Qe7 15.Be3 O-O
16.g4 Nfd7 17.g5 Bc5 18.Rhg1 Bxe3+ 19.Qxe3 Qc5 20.Qe2 Nxd3+ 21.Nxd3 Qe7 22.h4 Rae8
23.Rge1 Ne5 24.Qf2 b6 25.Qf5 Nxd3+ 26.cxd3 c5 27.d4 cxd4 28.Rxd4 Rc8+ 29.Kb1 Qc7
30.a3 Qg3 31.Red1 Rce8 32.h5 Re5 33.R4d3 Qxg5 34.Qxg5 Rxg5 35.h6 gxh6 36.Rd7 a5
37.Rb7 Rg6 38.Rd5 Re6 39.Rb5 Rxe4 40.R7xb6 a4 41.Rxh6 Rc8 42.Rg5+ Kf8 43.Ka2 Rc1
44.Ra5 Kg7 45.Rha6 Rcc4 46.Rg5+ Kf8 47.Rh5 Rh4 48.Rxh4 Rxh4 49.b4 axb3+ 50.Kxb3 h5
51.Kc3 Kg7 52.Kd3 Rh3+ 53.Ke2 h4 54.Kf2 f6 55.Ra8 Kg6 56.Kg2 Rb3 57.Rh8 Kg5
58.Rg8+ Kf4 59.Rh8 Rb2+ 60.Kh3 f5 61.Rxh4+ Ke3 62.Kg3 Rf2 63.Rb4 f4+ 64.Kg4 Rg2+
65.Kh3 Rd2 66.Kg4 Rg2+ 67.Kh3 f3 68.Rb3+ Kf4 69.Rb4+ Ke3 70.Rb3+ Kf4 71.Rb4+  1/2-1/2

[Event "Escom IM-A"]
[Site "Budapest"]
[Date "1991.??.??"]
[Round "7"]
[White "Zakic, Srdjan"]
[Black "Sokolovs, Andrei"]
[Result "1/2-1/2"]
[WhiteElo "2350"]
[BlackElo "2360"]

1.e4 d6 2.d4 Nf6 3.Nc3 c6 4.f4 Qa5 5.Bd2 Qc7 6.e5 Nd5 7.Nf3 Bf5 8.Nh4 Bd7
9.Nxd5 cxd5 10.Bd3 e6 11.O-O Nc6 12.c3 O-O-O 13.b4 Be7 14.Nf3 f6 15.Qe2 Kb8
16.Rae1  1/2-1/2

[Event "Autoteam"]
[Site "Budapest"]
[Date "1991.??.??"]
[Round "10"]
[White "Almasi, Zoltan"]
[Black "Schaefer, Markus"]
[Result "1-0"]
[WhiteElo "2400"]
[BlackElo "2460"]

1.e4 d6 2.d4 Nf6 3.Nc3 c6 4.f4 Qb6 5.Nf3 Bg4 6.Be2 Nbd7 7.e5 Nd5 8.Ne4 Bxf3
9.Bxf3 dxe5 10.fxe5 e6 11.a3 c5 12.c4 Nc7 13.b4 cxb4 14.c5 Qa6 15.Kf2 Nd5
16.Bb2 Qb5 17.Be2 Qc6 18.axb4 Nxb4 19.Bf3 Nd5 20.Qb3 Be7 21.Nc3 O-O 22.Nxd5 exd5
23.Qxd5 Qg6 24.Qe4 Qh6 25.Bc1 Qe6 26.Be3 Kh8 27.Qd5 Qf5 28.Rhb1 Qc2+ 29.Kg1 Rad8
30.Qxb7 Nxe5 31.dxe5 Bxc5 32.Qb3 Bxe3+ 33.Qxe3 Rfe8 34.Qxa7 Rxe5 35.Qxf7 Qc5+
36.Kh1 Rde8 37.Ra8 Rxa8 38.Bxa8 Qb4 39.Rf1 Re1 40.Bd5  1-0

[Event "Schneider mem op"]
[Site "Budapest"]
[Date "1991.??.??"]
[Round "11"]
[White "Kuporosov, Viktor"]
[Black "Mozes, Ervin"]
[Result "1-0"]
[WhiteElo "2485"]
[BlackElo "2375"]

1.e4 d6 2.d4 c6 3.Nc3 Nf6 4.f4 g6 5.Nf3 Bg7 6.Bd3 O-O 7.O-O Nbd7 8.e5 Ne8
9.Qe1 Nc7 10.Kh1 Ne6 11.Be3 dxe5 12.fxe5 c5 13.d5 Nd4 14.Nxd4 cxd4 15.Bxd4 Nb6
16.Qe4 Bd7 17.Rae1 Rc8 18.e6 fxe6 19.Bxg7 Kxg7 20.Qe5+ Kg8 21.dxe6 Bc6 22.Rf7 Rxf7
23.exf7+ Kxf7 24.Rf1+ Kg8 25.Qe6+ Kh8 26.Rf7 Qd6 27.Qh3 h5 28.Qe3 Kg8 29.Rxe7 Nd5
30.Nxd5 Bxd5 31.b3 Rf8 32.h3 Qf4 33.Qxf4 Rxf4 34.Kg1 Rf6 35.a4 Rd6 36.a5 Kf8
37.Rc7 a6 38.Be2 Ke8 39.Kf2 Rf6+ 40.Kg3 Kd8 41.Rc5 h4+ 42.Kxh4 Bxg2 43.Kg5 Rf2
44.Bg4 Be4 45.c3 Rb2 46.b4 Rf2 47.Rc4 Bb1  1-0

[Event "Cansys IM-A"]
[Site "Budapest"]
[Date "1991.??.??"]
[Round "13"]
[White "Palkovi, Jozsef"]
[Black "Schwarz, Michael"]
[Result "0-1"]
[WhiteElo "2460"]
[BlackElo "2315"]

1.e4 d6 2.d4 Nf6 3.Nc3 c6 4.f4 Qa5 5.Bd2 Qb6 6.Nf3 d5 7.e5 Ne4 8.Bd3 Bf5
9.Qe2 Nxc3 10.bxc3 Bxd3 11.cxd3 e6 12.f5 c5 13.fxe6 fxe6 14.O-O Be7 15.Rab1 Qa6
16.Bg5 Nc6 17.Bxe7 Nxe7 18.Ng5 cxd4 19.Nf7 O-O 20.Nd6 dxc3 21.Qg4 Rxf1+ 22.Rxf1 Nf5
23.Nxf5 exf5 24.Qxf5 Qb6+ 25.d4 Qxd4+ 26.Kh1 h6 27.Qf7+ Kh7 28.e6 Qd3 29.e7 c2
30.h3 d4 31.Re1 Qg6 32.Qf4 d3 33.Qd2 Re8 34.Kh2 Kh8 35.g3 Qg5 36.Qf2 d2 37.Qf8+ Kh7
38.Rf1 Rxe7  0-1

[Event "Buenos Aires Konex"]
[Site "Buenos Aires"]
[Date "1991.??.??"]
[Round "2"]
[White "Zapata, Alonso"]
[Black "Iglesias, Alejandro"]
[Result "1-0"]
[WhiteElo "2530"]
[BlackElo "2275"]

1.e4 d6 2.d4 Nf6 3.Nc3 c6 4.a4 Qa5 5.Bd2 e5 6.Nf3 exd4 7.Nxd4 Qb6 8.Nb3 Ng4
9.Qf3 Be7 10.Be2 O-O 11.a5 Qc7 12.Qg3 Ne5 13.f4 Ng6 14.h4 d5 15.h5 Nh8 16.exd5 Re8
17.Kf1 f5 18.Bc4 Nf7 19.dxc6 bxc6 20.Re1 Ba6 21.Qd3 Rd8 22.Nd4 Qb7 23.Bxa6 Nxa6
24.Rxe7 Qxe7 25.Nxc6 Qb7 26.Nd5 Rxd5 27.Qxd5 Rd8 28.Qe6 Qb5+ 29.c4 Qa4 30.Nxd8 Qd1+  1-0

[Event "BUL-ch"]
[Site "?"]
[Date "1991.??.??"]
[Round "6"]
[White "Ninov, Nikolai"]
[Black "Chatalbashev, Boris"]
[Result "0-1"]
[WhiteElo "2360"]
[BlackElo "2385"]

1.e4 d6 2.d4 Nf6 3.Nc3 c6 4.f4 Qa5 5.e5 Ne4 6.Bd2 Nxd2 7.Qxd2 Bf5 8.O-O-O dxe5
9.dxe5 e6 10.Bd3 Bb4 11.Bxf5 Bxc3 12.bxc3 exf5 13.Qd6 Na6 14.Qd3 Kf8 15.Nf3 Nc5
16.Qd6+ Kg8 17.Qe7 h6 18.e6 fxe6 19.Ne5 Kh7 20.Nc4 Qxc3 21.Qxc5 Rhd8 22.Kb1 b5
23.Rxd8 Rxd8 24.Qe7 Rd4 25.Qxe6 Qxc4 26.Qxf5+ g6 27.Qe5 Rxf4 28.Rd1 Rf7 29.a3 h5
30.Rd8 Qf1+ 31.Ka2 Qf6 32.Qe8 Re7 33.Qg8+ Kh6 34.Rd2 Re1 35.c3 Qxc3 36.Qf8+ Qg7
37.Qf4+ Kh7  0-1

[Event "Cacak"]
[Site "Cacak"]
[Date "1991.??.??"]
[Round "2"]
[White "Marinkovic, Ivan"]
[Black "Chatalbashev, Boris"]
[Result "1-0"]
[WhiteElo "2455"]
[BlackElo "2385"]

1.e4 d6 2.d4 Nf6 3.Nc3 c6 4.Nf3 Bg4 5.h3 Bh5 6.Be2 e6 7.O-O Be7 8.Be3 d5
9.e5 Nfd7 10.Nh2 Bxe2 11.Nxe2 O-O 12.c3 c5 13.Nf3 Nc6 14.Nf4 Qb6 15.Qe2 cxd4
16.cxd4 Rfc8 17.Rfc1 Na5 18.Nd3 Nc4 19.Bf4 Nf8 20.b3 Na3 21.Be3 Nd7 22.Qd2 h6
23.Rc3 Rxc3 24.Qxc3 Nb5 25.Qd2 Rc8 26.a4 Na3 27.Rc1 Rxc1+ 28.Nxc1 Qc7 29.Ne1 b5
30.axb5 Nxb5 31.Ne2 Nb8 32.Qd3 a6 33.Nc2 Nc6 34.f4 f5 35.g4 g6 36.gxf5 gxf5
37.Bf2 Kh7 38.Ng3 Qc8 39.Kf1 Nb4 40.Nxb4 Bxb4 41.Ne2 Nc3 42.Qc2 Qc7 43.Be1  1-0

[Event "Cacak"]
[Site "Cacak"]
[Date "1991.??.??"]
[Round "10"]
[White "Ziatdinov, Raset"]
[Black "Strikovic, Aleksa"]
[Result "0-1"]
[WhiteElo "2515"]
[BlackElo "2495"]

1.e4 d6 2.d4 Nf6 3.Nc3 e5 4.dxe5 dxe5 5.Qxd8+ Kxd8 6.Bg5 Be6 7.O-O-O+ Nd7
8.f4 exf4 9.Nf3 h6 10.Bxf4 c6 11.e5 Nd5 12.Nxd5 Bxd5 13.Nd4 Bc5 14.Nf5 g5
15.Bg3 Be6 16.Bd3 Kc7 17.Rhf1 Raf8 18.c3 a5 19.Nd6 f6 20.exf6 Bxd6 21.Bxd6+ Kxd6
22.Bf5+ Kc7 23.Bxe6 Nxf6 24.Rf5 Nh5 25.Rd7+ Kb6 26.Bf7 Nf4 27.g3 Nd5 28.c4 Nb4
29.c5+ Ka7 30.a3 Na6 31.Kc2 Rh7 32.Kd3 Nb8 33.Re7 Rd8+ 34.Kc4 Rd2 35.b4 axb4
36.axb4 Rxh2 37.Rf3 Na6 38.Rfe3 Rb2 39.Be8 Rxb4+ 40.Kc3 Rxe7 41.Rxe7 Rb5
42.Rh7 Rxc5+ 43.Kb3 Kb6 44.g4 Re5 45.Bg6 Ka5 46.Bf5 b5 47.Rxh6 Re3+ 48.Kb2 c5
49.Rg6 c4 50.Rxg5 Kb4 51.Kc2 Re2+ 52.Kd1 Rf2 53.Bh7 Nc5 54.Rd5 Rg2 55.g5 Ne6
56.Bf5 Nc7  0-1

[Event "Cadiz op"]
[Site "Cadiz"]
[Date "1991.??.??"]
[Round "?"]
[White "Glavina, Pablo"]
[Black "Sokolov, Andrei"]
[Result "1/2-1/2"]
[WhiteElo "2380"]
[BlackElo "2550"]

1.d4 d6 2.e4 Nf6 3.Nc3 e5 4.dxe5 dxe5 5.Qxd8+ Kxd8 6.Bg5 Be6 7.O-O-O+ Nd7
8.f4 exf4 9.Nge2 Be7 10.Nxf4 Ng4 11.Bxe7+ Kxe7 12.Ncd5+ Kd8 13.Rd2 Nge5 14.g3 Bg4
15.Bg2 c6 16.Ne3 h5  1/2-1/2

[Event "Cadiz op"]
[Site "Cadiz"]
[Date "1991.??.??"]
[Round "?"]
[White "Piza Cortizo, Daniel"]
[Black "Rausis, Igors"]
[Result "1-0"]
[WhiteElo "2325"]
[BlackElo "2440"]

1.d4 d6 2.e4 Nf6 3.Nc3 c6 4.a4 Qa5 5.Bd2 Qc7 6.h3 e5 7.Nf3 Be7 8.Bc4 O-O
9.O-O Nbd7 10.Qe2 h6 11.Ba2 b6 12.dxe5 dxe5 13.Nh4 Nc5 14.f4 Ba6 15.Bc4 Bxc4
16.Qxc4 Rad8 17.Be3 exf4 18.Bxf4 Bd6 19.Bxh6 Nh5 20.Nf5 gxh6 21.e5 Bxe5 22.Qg4+ Ng7
23.Nxh6+ Kh7 24.Nxf7 Rd4 25.Ng5+ Kg6 26.Nge4+ Kh7 27.Rxf8 Qe7 28.Raf1 Rxe4
29.Nxe4 Bd4+ 30.Nf2 Ne4 31.Rf7 Qxf7 32.Qxe4+ Nf5 33.g4  1-0

[Event "Chiasso op"]
[Site "Chiasso"]
[Date "1991.??.??"]
[Round "?"]
[White "Jenal, Juerg"]
[Black "Pribyl, Josef"]
[Result "0-1"]
[WhiteElo "2265"]
[BlackElo "2425"]

1.e4 d6 2.Nc3 Nf6 3.d4 c6 4.Nf3 Bg4 5.h3 Bh5 6.Bf4 e6 7.Be2 Be7 8.Qd2 d5
9.e5 Nfd7 10.g4 Bg6 11.h4 h5 12.Ng5 c5 13.Bd3 Bxd3 14.Qxd3 cxd4 15.Nb5 hxg4
16.O-O-O Nc6 17.Rde1 Qa5 18.Nd6+ Bxd6 19.exd6 Nc5 20.Qf5 O-O-O 21.Qxf7 Rd7
22.Qg6 Rf8 23.Bg3 d3 24.cxd3 Qxa2 25.Nxe6 Nxe6 26.Qxe6 Nd4 27.Qxg4 Qa1+ 28.Kd2 Qxb2+
29.Ke3 Nf5+  0-1

[Event "Clichy op"]
[Site "Clichy"]
[Date "1991.??.??"]
[Round "4"]
[White "Prie, Eric"]
[Black "Hausner, Ivan"]
[Result "1/2-1/2"]
[WhiteElo "2480"]
[BlackElo "2445"]

1.e4 d6 2.d4 Nf6 3.Nc3 c6 4.f4 Qa5 5.Bd3 e5 6.Nf3 Bg4 7.dxe5 dxe5 8.fxe5 Nfd7
9.Bf4 Be7 10.O-O O-O 11.Nd5 cxd5 12.exd5 Qa4 13.Qd2 Nb6 14.d6 Bd8 15.b3 Qe8
16.Rae1 Nc6 17.h3 Bh5 18.g4 Bg6 19.Bf5 Nd7 20.Kh2 Ba5 21.c3 Nd8 22.Bg5 Ne6
23.Be7 Rc8 24.b4 Bd8 25.Bxf8 Ndxf8 26.h4 h5 27.Bxg6 fxg6 28.gxh5 gxh5 29.Qd5 Qc6
30.Qxc6 Rxc6 31.Nd4 Rxc3 32.Rxf8+ Nxf8 33.e6 Nxe6 34.Nxe6 Bxh4 35.Rd1 Kf7
36.Nc5 b6 37.Nb7 g5 38.d7 g4 39.d8=Q Bxd8 40.Nxd8+ Ke7 41.b5 Rc2+ 42.Kg3 Rxa2
43.Nc6+ Kf6  1/2-1/2

[Event "Clichy op"]
[Site "Clichy"]
[Date "1991.??.??"]
[Round "7"]
[White "McDonald, Neil R"]
[Black "Hausner, Ivan"]
[Result "1-0"]
[WhiteElo "2385"]
[BlackElo "2445"]

1.e4 d6 2.d4 Nf6 3.Nc3 c6 4.f4 Qa5 5.Bd2 Qb6 6.Nf3 Bg4 7.Bd3 e6 8.e5 Nfd7
9.h3 Bxf3 10.Qxf3 Qxd4 11.Nb5 Qb6 12.Nxd6+ Bxd6 13.exd6 Qxb2 14.O-O Qd4+
15.Kh1 Qxd6 16.Bc3 Nf6 17.Rab1 Qe7 18.Qg3 O-O 19.Qh4 h6 20.Rf3 Rd8 21.Rxb7 Nbd7
22.Rg3 Kf8 23.Be5 Qc5 24.Rxg7 Rab8 25.Rxf7+  1-0

[Event "Ingrid Larsen mem (Women)"]
[Site "Copenhagen"]
[Date "1991.??.??"]
[Round "?"]
[White "Hoiberg, Nina"]
[Black "Richtrova, Eliska"]
[Result "0-1"]
[WhiteElo "2295"]
[BlackElo "2305"]

1.e4 d6 2.d4 Nf6 3.Nc3 c6 4.f3 Nbd7 5.Be3 e5 6.Qd2 Be7 7.Nge2 O-O 8.g4 b5
9.Ng3 exd4 10.Bxd4 Ne5 11.Be2 Ne8 12.Nd1 Nc7 13.Nf2 Ne6 14.Be3 d5 15.exd5 cxd5
16.Nf5 Bb7 17.O-O-O b4 18.Nd4 Qa5 19.Kb1 Rac8 20.b3 Nc6 21.Nxc6 Bxc6 22.a4 Bf6
23.Nd3 Bc3 24.Qc1 Rfe8 25.Nb2 Nc5 26.Bxc5 Qxc5 27.Bd3 Rc7 28.Rhf1 Rce7 29.f4 Bd4
30.Qd2 Be3 31.Qg2 Qc3 32.Qh3 g6 33.Bb5 Bxb5 34.axb5 Rc8 35.Rxd5 Qxc2+ 36.Ka2 Bc1
37.Rxc1 Qxc1 38.Qd3 Re1  0-1

[Event "Politicen Cup"]
[Site "Copenhagen"]
[Date "1991.??.??"]
[Round "?"]
[White "Aaberg, Anton"]
[Black "Borsos, Bogdan"]
[Result "1/2-1/2"]
[WhiteElo "2235"]
[BlackElo "2310"]

1.e4 d6 2.d4 Nf6 3.Nc3 c6 4.Nf3 Bg4 5.a4 e6 6.Be2 Be7 7.O-O O-O 8.Bf4 d5
9.exd5 cxd5 10.Ne5 Bxe2 11.Qxe2 Nc6 12.Nxc6 bxc6 13.Qd3 a5 14.h3 Bd6 15.Bxd6 Qxd6
16.b3 Rfc8 17.Rfe1 h6 18.Rad1 Qf4 19.g3 Qd6 20.Re2 Qd7 21.Qe3 Rab8 22.Kh2 Qe7
23.Qf4 Qc7 24.Qxc7 Rxc7 25.Kg2 Ne8 26.Rdd2 Nd6 27.f3 Kf8 28.Kf2 Ke7 29.Nd1 f6
30.Nb2 Kf7 31.Nd3 Re7 32.Rd1 Rbe8 33.Rde1 g5 34.g4 h5 35.Kg3 Kg6 36.Kg2 Nf7
37.f4 hxg4 38.hxg4 gxf4 39.Nxf4+ Kg5 40.Rxe6 Rxe6 41.Rxe6 Rxe6 42.Nxe6+ Kxg4
43.b4 axb4 44.a5 Nd6 45.a6 Nb5 46.Nc5 Kf4 47.Kf2 f5 48.Nd3+ Ke4 49.Nxb4 Kxd4
50.Nxc6+ Kc3 51.a7 Nxa7 52.Nxa7 Kxc2 53.Nc6  1/2-1/2

[Event "Copenhagen Unibank"]
[Site "Copenhagen"]
[Date "1991.??.??"]
[Round "4"]
[White "Jorgensen, Brian Jorgen"]
[Black "Jaksland, Tim"]
[Result "1-0"]
[WhiteElo "2270"]
[BlackElo "2265"]

1.e4 d6 2.d4 Nf6 3.Nc3 c6 4.f4 Qa5 5.Bd3 e5 6.Nf3 Bg4 7.dxe5 dxe5 8.fxe5 Nfd7
9.e6 Bxe6 10.Nd4 Qe5 11.Nxe6 Qxe6 12.Be3 Bc5 13.Qe2 Bxe3 14.Qxe3 Ne5 15.O-O-O Nbd7
16.Kb1 O-O 17.Ne2 Qe7 18.Ng3 g6 19.Be2 Nb6 20.Qh6 Nbc4 21.c3 b5 22.Rd4 Rad8
23.Rhd1 a6 24.Ka1 c5 25.Rd5 b4 26.Bxc4 Nxc4 27.Nh5  1-0

[Event "Copenhagen Unibank"]
[Site "Copenhagen"]
[Date "1991.??.??"]
[Round "6"]
[White "Hansen, Sune Berg"]
[Black "Jaksland, Tim"]
[Result "1-0"]
[WhiteElo "2320"]
[BlackElo "2265"]

1.e4 d6 2.d4 Nf6 3.Nc3 c6 4.Be2 Nbd7 5.Nf3 e5 6.a4 Be7 7.O-O O-O 8.Re1 Re8
9.Bc4 h6 10.h3 Bf8 11.Be3 Nxe4 12.Nxe4 d5 13.Nfd2 f5 14.Bb3 fxe4 15.Nxe4 Kh8
16.Ng3 e4 17.f3 Qc7 18.Nh5 Nf6 19.Nxf6 gxf6 20.fxe4 Rxe4 21.Qf3 f5 22.c4 Bb4
23.Rf1 Be6 24.Bc2 Qg7 25.Bxe4 fxe4 26.Qf6 Rg8 27.g4 Bxg4 28.hxg4  1-0

[Event "Corfu op"]
[Site "Corfu"]
[Date "1991.??.??"]
[Round "9"]
[White "Alexandrou, Alexandros"]
[Black "Kostic, Nebojsa"]
[Result "0-1"]
[WhiteElo "2205"]
[BlackElo "2370"]

1.e4 c6 2.d4 d6 3.Nc3 Nf6 4.Nf3 Bg4 5.h3 Bh5 6.g4 Bg6 7.Bd3 e6 8.Bf4 d5 9.Qe2 Bb4
10.exd5 Nxd5 11.Bd2 Qa5 12.Nxd5 Bxd2+ 13.Qxd2 Qxd5 14.Qe3 Nd7 15.c4 Qa5+
16.Qd2 Qa4 17.b3 Qa3 18.Bxg6 hxg6 19.g5 O-O-O 20.Rd1 e5 21.Qc2 e4 22.Nd2 Qa5
23.c5 Nf8 24.O-O Rxh3 25.Nxe4 Qc7 26.f4 Ne6 27.Nd6+ Kb8 28.b4 Rdh8 29.Qg2 Qd7
30.f5 gxf5 31.Rxf5 Nf4 32.Rxf7 Qe6 33.Rxf4 Qe3+ 34.Rf2 Rg3 35.Rd2 Rxg2+  0-1

[Event "CZE-ch"]
[Site "CSR"]
[Date "1991.??.??"]
[Round "10"]
[White "Bartak, Vladimir"]
[Black "Pribyl, Martin"]
[Result "0-1"]
[WhiteElo "2340"]
[BlackElo "2305"]

1.e4 d6 2.d4 Nf6 3.Nc3 c6 4.f4 Qa5 5.Bd2 e5 6.Nd5 Qd8 7.Nxf6+ Qxf6 8.dxe5 dxe5
9.Nf3 exf4 10.e5 Qg6 11.Bxf4 Qe4+ 12.Be2 Qxf4 13.O-O Bc5+ 14.Kh1 O-O 15.c3 Nd7
16.b4 Be7 17.e6 fxe6 18.Qb3 Qh6 19.Nd4 Nb6 20.Bg4 Nd5 21.Rae1 Rxf1+ 22.Rxf1 e5
23.Bxc8 Rxc8 24.Nf5 Qe6 25.c4 Nf4 26.c5 Qxb3 27.axb3 Bf8  0-1

[Event "Dortmund op"]
[Site "Dortmund"]
[Date "1991.??.??"]
[Round "4"]
[White "Kupreichik, Viktor D"]
[Black "Ruthenberg, Helmut"]
[Result "1-0"]
[WhiteElo "2460"]
[BlackElo "2300"]

1.e4 d6 2.d4 Nf6 3.Nc3 c6 4.Bg5 Qa5 5.Qd2 Nbd7 6.f4 e5 7.Nf3 Be7 8.O-O-O b5
9.fxe5 dxe5 10.Bxf6 Bxf6 11.d5 c5 12.Nxb5 Qxa2 13.Qc3 O-O 14.Bc4 Qa4 15.Kd2 a5
16.Ke3 Qb4 17.b3 Qxc3+ 18.Nxc3 Nb6 19.Bb5 Bb7 20.Na4 Nxa4 21.bxa4 g6 22.Rd3 Bg7
23.Rc3 Rac8 24.Rb1 Bxd5 25.exd5 e4 26.Rc4 exf3 27.Kxf3 Bd4 28.Bc6 Rb8 29.Rb5 f5
30.h4 h6 31.d6 Kg7 32.d7 Kf6 33.Rxa5 Rb6 34.Raxc5 Bxc5 35.Rxc5 Ke7 36.Re5+ Kd6
37.Re8 Rb8 38.Bb5 Kc7 39.Kf4 Rd8 40.a5  1-0

[Event "Telecom op"]
[Site "Dublin"]
[Date "1991.??.??"]
[Round "?"]
[White "Lalic, Susan"]
[Black "Hodgson, Julian M"]
[Result "0-1"]
[WhiteElo "2300"]
[BlackElo "2545"]

1.e4 d6 2.d4 Nf6 3.Nc3 Nbd7 4.Nf3 e5 5.Bc4 Be7 6.O-O O-O 7.a4 exd4 8.Nxd4 Re8
9.Nf5 Bf8 10.Bg5 h6 11.Bh4 Ne5 12.Bb3 Ng6 13.Bxf6 Qxf6 14.Nd5 Qd8 15.Qf3 Ne5
16.Qg3 Bxf5 17.exf5 c6 18.Ne3 d5 19.Rfe1 Qg5 20.Rad1 Qxg3 21.hxg3 Bc5 22.Kf1 Rad8
23.c3 Kf8 24.Bc2 a5 25.Re2 h5 26.b3 Nd7 27.Rde1 Bxe3 28.Rxe3 Nf6 29.b4 Rxe3
30.Rxe3 d4 31.Rd3 axb4 32.Rxd4 Rxd4 33.cxd4 Ne8 34.Ke2 Nd6 35.Ke3 Ke7 36.Kf4 Nc4
37.f3 b6 38.g4 hxg4 39.fxg4 f6 40.g5 fxg5+ 41.Kxg5 Nd2 42.Kg6 Kf8 43.Kh7 b3
44.Bd3 b2 45.g4 b1=Q 46.Bxb1 Nxb1 47.g5 Kf7  0-1

[Event "Telecom op"]
[Site "Dublin"]
[Date "1991.??.??"]
[Round "?"]
[White "Kaidanov, Grigory S"]
[Black "Hodgson, Julian M"]
[Result "1/2-1/2"]
[WhiteElo "2540"]
[BlackElo "2545"]

1.d4 d6 2.e4 Nf6 3.Nc3 Nbd7 4.Nf3 e5 5.Bc4 Be7 6.O-O O-O 7.h3 Nb6 8.Bd3 Nfd7
9.Re1 Re8 10.a4 a5 11.Be3 Bf6 12.Bf1 c6 13.d5 Be7 14.Nd2 cxd5 15.exd5 f5
16.Nc4 Nxc4 17.Bxc4  1/2-1/2

[Event "Telecom op"]
[Site "Dublin"]
[Date "1991.??.??"]
[Round "?"]
[White "Morris, Philip"]
[Black "Hodgson, Julian M"]
[Result "0-1"]
[WhiteElo "2405"]
[BlackElo "2545"]

1.e4 d6 2.d4 Nf6 3.Nc3 Nbd7 4.Nf3 e5 5.g3 Be7 6.Bg2 O-O 7.O-O Re8 8.h3 Bf8
9.b3 g6 10.Bb2 exd4 11.Nxd4 Bg7 12.Qd2 c6 13.a4 a5 14.Kh2 Qb6 15.Rad1 Nc5
16.Rfe1 Bd7 17.Ba3 Rad8 18.f4 Bc8 19.Qf2 Ne6 20.Nce2 h5 21.Kg1 Nxe4 22.Bxe4 Nxd4
23.Nxd4 d5 24.Nxc6 Qxf2+ 25.Kxf2 bxc6 26.Bg2 Bf5 27.c4 Rxe1 28.Rxe1 Bd4+
29.Ke2 dxc4 30.bxc4 Re8+ 31.Kd1 Bc2+ 32.Kxc2 Rxe1 33.Bxc6 Re3  0-1

[Event "BCF-ch"]
[Site "Eastbourne"]
[Date "1991.??.??"]
[Round "2"]
[White "Canfell, Gregory"]
[Black "Hodgson, Julian M"]
[Result "0-1"]
[WhiteElo "2280"]
[BlackElo "2545"]

1.e4 d6 2.d4 Nf6 3.Nc3 c6 4.f4 Qa5 5.Bd3 e5 6.Nf3 Bg4 7.Be3 Nbd7 8.O-O Be7
9.Qe1 Bxf3 10.gxf3 exd4 11.Bxd4 Nh5 12.Be3 Qc7 13.f5 g6 14.fxg6 hxg6 15.f4 O-O-O
16.b4 g5 17.fxg5 Bxg5 18.Bxg5 Rdg8 19.Rf5 f6 20.h4 fxg5 21.Rxg5 Nf4 22.Rxg8+ Rxg8+
23.Kh1 Ne5 24.Qf2 Qd7 25.Bf1 Qg4 26.Ne2 Nf3 27.Rd1 Nxe2  0-1

[Event "BCF-ch"]
[Site "Eastbourne"]
[Date "1991.??.??"]
[Round "9"]
[White "Jackson, Oliver"]
[Black "Mortazavi, Ali"]
[Result "0-1"]
[WhiteElo "2345"]
[BlackElo "2280"]

1.e4 d6 2.d4 Nf6 3.Nc3 Nbd7 4.Nf3 e5 5.Bc4 Be7 6.Qe2 O-O 7.O-O c6 8.a4 a5
9.Rd1 Qc7 10.Be3 h6 11.Nh4 exd4 12.Bxd4 Ne5 13.Bb3 Kh7 14.h3 Nfd7 15.Nf5 Nc5
16.f4 Nxb3 17.cxb3 Ng6 18.Bxg7 Bxf5 19.Bxf8 Rxf8 20.exf5 Nxf4 21.Qf3 d5 22.Kh1 Rg8
23.g4 Bd6 24.Ne2 Nxe2 25.Qxe2 Qb6 26.Rd3 Qd8 27.Rf1 Qh4 28.Qe1 Qf6 29.Qc3 Qh4
30.Qe1 Qf6 31.Qf2 Bb8 32.Re1 h5 33.gxh5 Rg5 34.Rf3  0-1

[Event "Espoo op"]
[Site "Espoo"]
[Date "1991.??.??"]
[Round "9"]
[White "Raisa, Unto"]
[Black "Dunworth, Christopher"]
[Result "1-0"]
[WhiteElo "2260"]
[BlackElo "2330"]

1.d4 d6 2.e4 Nf6 3.Nc3 c6 4.f4 Qa5 5.Bd3 Bg4 6.Qd2 e5 7.dxe5 dxe5 8.f5 Bc5
9.h3 Bh5 10.g4 Bxg4 11.hxg4 Nxg4 12.Qg5 Nf2 13.Qxg7 Rf8 14.Rxh7 Nd7 15.Rh8 O-O-O
16.Rxf8 Rxf8 17.Nf3 Qd8 18.Qg5 Nf6 19.Qd2 N6g4 20.Bf1 Qa5 21.Qe2 Rd8 22.Bd2 Bb4
23.Bg2 Qb6 24.a3 Bxc3 25.Bxc3 Nxe4 26.Bd4 exd4 27.Qxe4 Ne3 28.Kf2 Qxb2 29.Re1 Nxc2
30.Re2 d3 31.Rd2 Qb6+ 32.Kg3 Qc7+ 33.Kh3 Qd6 34.Qe5 Qxa3 35.Kh2 Qf8 36.f6 Nb4
37.Bh3+ Rd7 38.Qe7 Qd8  1-0

[Event "FIN-chT"]
[Site "FIN"]
[Date "1991.??.??"]
[Round "?"]
[White "Raaste, Eero J"]
[Black "Natri, Antero"]
[Result "0-1"]
[WhiteElo "2370"]
[BlackElo "2250"]

1.e4 d6 2.d4 Nf6 3.Nc3 c6 4.a4 g6 5.Nf3 Bg7 6.Be2 a5 7.O-O O-O 8.h3 Nbd7
9.Be3 e5 10.dxe5 dxe5 11.Bc4 Qe7 12.Nd2 h6 13.Nb3 Kh7 14.Re1 Nh5 15.g3 Bf6
16.Qd2 Bg5 17.Rad1 Bxe3 18.Qxe3 Qb4 19.Bf1 Ng7 20.Rd2 Ne6 21.Red1 Nb6 22.Na2 Qxa4
23.Qxb6 Qxa2 24.c3 Ng5 25.Bg2 Ra6 26.Qc5 Ne6 27.Qa3 Qxa3 28.bxa3 a4 29.Nc1 Rb6
30.Nd3 Rb3 31.Nxe5 Rxc3 32.Nd7 Bxd7 33.Rxd7 Nc5 34.Re7 Rxa3 35.e5 Rc3 36.e6 a3
37.Ra1 Kg7 38.exf7 Rxf7 39.Re3 Rc2 40.Rexa3 Rfxf2 41.Bf1 Rb2 42.Rc3 Ne4 43.Re3 Ng5
44.Raa3 Rf7  0-1

[Event "Forli op"]
[Site "Forli"]
[Date "1991.??.??"]
[Round "2"]
[White "Drei, Andrea"]
[Black "Malaniuk, Vladimir P"]
[Result "0-1"]
[WhiteElo "2260"]
[BlackElo "2500"]

1.e4 d6 2.d4 Nf6 3.Nc3 e5 4.dxe5 dxe5 5.Qxd8+ Kxd8 6.Bg5 Be6 7.O-O-O+ Kc8
8.Nf3 Nbd7 9.Be2 Bb4 10.Bxf6 gxf6 11.Nd5 Bc5 12.Ne3 c6 13.Nh4 Kc7 14.Nhf5 Rhg8
15.g3 b5 16.a3 a5 17.Rd3 b4 18.Rhd1 Bf8 19.f3 Nc5 20.R3d2 bxa3 21.b3 Rb8
22.Bc4 a4  0-1

[Event "Forli op"]
[Site "Forli"]
[Date "1991.??.??"]
[Round "2"]
[White "Lagumina, Giulio"]
[Black "Belotti, Bruno"]
[Result "0-1"]
[WhiteElo "2265"]
[BlackElo "2460"]

1.e4 d6 2.d4 Nf6 3.Nc3 c6 4.g3 Nbd7 5.Bg2 e5 6.Nge2 b5 7.a3 Bb7 8.O-O a5
9.b3 b4 10.axb4 axb4 11.Rxa8 Qxa8 12.Na4 c5 13.d5 Be7 14.h3 h5 15.f4 h4 16.g4 Nh7
17.Bb2 c4 18.c3 cxb3 19.Qxb3 Ba6 20.c4 O-O 21.Rc1 Rb8 22.Rc2 exf4 23.Nxf4 Bf6
24.Nd3 Qa7+ 25.Kh1 Bxb2 26.Naxb2 Qe3 27.Qa4 b3 28.Rf2 Nc5 29.Nxc5 Qxf2 30.Ncd3 Qb6
31.e5 dxe5 32.c5 Qf6 33.c6 Bxd3 34.Nxd3 b2 35.Nxb2 Rxb2 36.c7 Rb1+ 37.Kh2 Rc1
38.Qe8+ Nf8 39.c8=Q Qf4+  0-1

[Event "FRA-chT"]
[Site "FRA"]
[Date "1991.??.??"]
[Round "?"]
[White "Dufrenoy, M."]
[Black "Adams, Michael"]
[Result "1/2-1/2"]
[WhiteElo "2100"]
[BlackElo "2600"]

1.d4 d6 2.e4 Nf6 3.Nc3 c6 4.f4 Qa5 5.Bd3 e5 6.dxe5 dxe5 7.f5 b5 8.Nf3 Nbd7
9.O-O b4 10.Nb1 Ba6 11.Nbd2 Rd8 12.Qe2 Bxd3 13.cxd3 Nb6 14.Kh1 Be7 15.d4 exd4
16.e5 d3 17.Qe1 Nfd5 18.Nb3 Qa6 19.f6 gxf6 20.exf6 Nxf6 21.Nfd4 Nbd5 22.Bg5 Ng8
23.Rc1 Rd6 24.Nf5 Rg6 25.Bxe7 Ngxe7 26.Qe5 O-O 27.Nxe7+ Nxe7 28.Qxe7 Qxa2
29.Qxb4 Qxb2 30.g3 Re8 31.Qc3 Re2 32.Qxb2 Rxb2 33.Rb1 Rxb1 34.Rxb1 Rd6 35.Nd2 c5
36.Kg1 Re6 37.Rd1 Re2 38.Nc4 Rc2 39.Ne3 Rc3 40.Kf2 a5 41.Ra1 Rb3 42.Nd1 c4
43.Ke3 Rb6 44.Kd4 Rh6 45.Ra2 Re6 46.Kxc4 Re2 47.Rxa5 Rxh2 48.Kxd3 h5 49.Ke3 Kg7
50.Nf2 Kg6 51.Nd3 h4 52.Nf4+ Kf6 53.g4 Rh1 54.Rh5 Rg1 55.Rf5+ Kg7 56.g5 h3
57.Nxh3 Rg3+  1/2-1/2

[Event "FRA-chT"]
[Site "FRA"]
[Date "1991.??.??"]
[Round "?"]
[White "Lecuyer, Christian"]
[Black "Zawadski, Stephane"]
[Result "1/2-1/2"]
[WhiteElo "2310"]
[BlackElo "2250"]

1.e4 d6 2.d4 Nf6 3.Nc3 c6 4.Nf3 g6 5.Be2 Bg7 6.O-O O-O 7.a4 a5 8.Be3 Qc7
9.Qd2 Na6 10.Bh6 Nb4 11.Bxg7 Kxg7 12.h3 Bd7 13.e5 Nfd5 14.Nxd5 cxd5 15.c3 Nc6
16.Qe3 Rae8 17.Rfe1 dxe5 18.dxe5 Nd8 19.Red1 Bc6 20.Nd4 e6 21.b4 b6 22.b5 Ba8
23.Rac1 Nb7 24.c4 Nc5 25.Bf3 Rd8 26.h4 Qe7 27.h5 Rfe8 28.h6+ Kg8 29.cxd5 exd5
30.Re1 Nxa4 31.Nc6 Bxc6 32.Rxc6 d4 33.Qf4 Nc5 34.Rd1 d3 35.Rxb6 Qxe5 36.Qxe5 Rxe5
37.Rc6 Kf8 38.b6 d2 39.Kh2 Na6 40.b7 Nb8 41.Rc2 Ke7 42.Rdxd2 Rxd2 43.Rxd2 Rc5
44.Kg3 a4 45.Rd3 f6 46.Kf4 Ra5 47.Ra3 Ra7 48.Ke3  1/2-1/2